书目信息 |
| 题名: |
世界艺术表演市场
|
|
| 作者: | 高鉴 编著 | |
| 分册: | ||
| 出版信息: | 北京 中国大百科全书出版社 |
|
| 页数: | 131页 | |
| 开本: | 19cm | |
| 丛书名: | 百卷本世界市场全书 | |
| 单 册: | ||
| 中图分类: | F740.2 | |
| 科图分类: | ||
| 主题词: | 国际市场 | |
| 电子资源: | ||
| ISBN: | ||
| 000 | 00777nam0 2200253 45 | |
| 001 | 0504041085 | |
| 005 | 20050404144319.6 | |
| 010 | @dCNY | |
| 100 | @a20050404d km y0chiy0120 ea | |
| 101 | 0 | @achi |
| 105 | @a z 000yy | |
| 200 | 1 | @a世界艺术表演市场@AShi Jie Yi Shu Biao Yan Shi Chang@f高鉴编著@FGao Jian Bian Zhu |
| 210 | @a北京@c中国大百科全书出版社 | |
| 215 | @a131页@d19cm | |
| 225 | @a百卷本世界市场全书@f顾海良,姚开建,胡晓林主编 | |
| 410 | @12001 @a百卷本世界市场全书 | |
| 410 | @1700 0@a胡晓林@AHu Xiao Lin@4主编 | |
| 410 | @1700 0@a顾海良@AGu Hai Liang@4主编 | |
| 410 | @1700 0@a姚开建@AYao Kai Jian@4主编 | |
| 606 | 0 | @a国际市场 |
| 690 | @aF740.2@v3 | |
| 701 | 0 | @a高鉴@4编著 |
| 801 | @aCN@bPftUser@c20050404 | |
| 905 | @f1@b275775@dF740.2@e12:5 | |
| 世界艺术表演市场/高鉴编著.-北京:中国大百科全书出版社 |
| 131页;19cm.-(百卷本世界市场全书/顾海良,姚开建,胡晓林主编) |
| ISBN :CNY |
| ● |
| 相关链接 |
|
|
|
|
正题名:世界艺术表演市场
索取号:F740.2/12:5
 
预约/预借
| 序号 | 登录号 | 条形码 | 馆藏地/架位号 | 状态 | 备注 |
| 1 | 0275775 | 001997922 | 第一样本阅览室/ [索取号:F740.2/12:5] | 在馆 |